Các phản ứng điều chế polymer tổng hợp

Kaydedildi:
Detaylı Bibliyografya
Yazar: Teigi, Suruta
Materyal Türü: Kitap
Dil:Undetermined
Baskı/Yayın Bilgisi: Hà Nội Khoa học và Kỹ thuật 1976
Konular:
Etiketler: Etiketle
Etiket eklenmemiş, İlk siz ekleyin!
Thư viện lưu trữ: Trung tâm Học liệu Trường Đại học Cần Thơ
LEADER 00551nam a2200181Ia 4500
001 CTU_2908
008 210402s9999 xx 000 0 und d
082 |a 547.84 
082 |b T263 
100 |a Teigi, Suruta 
245 0 |a Các phản ứng điều chế polymer tổng hợp 
245 0 |c Suruta Teigi, Trần Quang Hân 
260 |a Hà Nội 
260 |b Khoa học và Kỹ thuật 
260 |c 1976 
650 |a Chemistry, analytic,Polymers 
904 |i Minh 
980 |a Trung tâm Học liệu Trường Đại học Cần Thơ